000 01400cam a2200337 a 4500
999 _c24429
_d24429
001 16833977
003 OSt
005 20170128124744.0
008 110618s2011 enka bc 001 0 eng c
010 _a 2011282012
020 _a9780521443791 (hbk.)
020 _a0521443792 (hbk.)
035 _a(OCoLC)ocn663080309
040 _aUKM
_cUKM
_dYDXCP
_dERASA
_dCDX
_dAN#
_dTEF
_dFXM
_dBWX
_dDLC
042 _apcc
043 _ae-it---
_ae-sp---
_ae-uk-en
050 0 0 _aNC255
_b.S37 2011
100 1 _aScrase, David.
245 1 0 _aItalian drawings at the Fitzwilliam Museum, Cambridge :
_btogether with Spanish drawings /
_cDavid Scrase.
260 _aCambridge ;
_aNew York :
_bCambridge University Press,
_cc2011.
300 _axiv, 863 p. :
_bill. (chiefly col.) ;
_c29 cm.
500 _a"Select list of exhibitions and exhibition catalogs"--p. [850]-858.
504 _aIncludes bibliographical references (p. [827]-849) and index of previous owners.
610 2 0 _aFitzwilliam Museum
_vCatalogs.
650 0 _aDrawing, Italian
_vCatalogs.
650 0 _aDrawing, Spanish
_vCatalogs.
650 0 _aDrawing
_zEngland
_zCambridge
_vCatalogs.
710 2 _aFitzwilliam Museum.
906 _a7
_bcbc
_cpccadap
_d2
_encip
_f20
_gy-gencatlg
942 _2lcc
_cBOOKS
_hNC 255 .S37 2011